000 00498nam a2200181Ia 4500
001 21033
005 20260306172849.0
008 260306t2021||||xx |||||||||||||| ||spa||
041 _aESP
082 _a344
_bD84P
100 _aDivisión de Estudios Jurídicos de Gaceta Jurídica
_eAUT
245 0 _aEl derecho penal y procesal penal en la jurisprudencia constitucional
260 _c2021
300 _a333 páginas :
_c25 cm.
650 _aGEN
654 _aCDE
942 _cLIB
_dJUS
_fJUS
_2ddc
_n
999 _c21033
_d21033